Best practice programme extended (Record no. 69792)

MARC details
000 -LEADER
fixed length control field 00949cam a2200193 4500
001 - CONTROL NUMBER
control field WB3810-05
008 - FIXED-LENGTH DATA ELEMENTS--GENERAL INFORMATION
fixed length control field 020314n2002 000 0 eng u
035 ## - SYSTEM CONTROL NUMBER
System control number (Sirsi) u117138
245 ## - TITLE STATEMENT
Title Best practice programme extended
260 ## - PUBLICATION, DISTRIBUTION, ETC.
Date of publication, distribution, etc. 2002
490 ## - SERIES STATEMENT
Series statement DTI News Release
Volume/sequential designation 2002/162 14 March 2002, (2)
520 ## - SUMMARY, ETC.
Summary, etc. The Construction Best Practice Programme is to be further funded up to March 2004. Set up in 1998 the programme aims to help the construction industry improve its business performance. It is part of the Rethinking Construction group of initiatives. The programme raised companies' turnover by a combined £132m and annual profits by a total of £71m. Visit the website http://www.cbpp.org.uk/cbpp/ http://www.nds.coi.gov.uk/coi/
590 ## - LOCAL NOTE (RLIN)
Local note WB
650 ## - SUBJECT ADDED ENTRY--TOPICAL TERM
Topical term or geographic name entry element CONSTRUCTION BEST PRACTICE PROGRAMME
650 ## - SUBJECT ADDED ENTRY--TOPICAL TERM
Topical term or geographic name entry element BUSINESS PERFORMANCE
650 ## - SUBJECT ADDED ENTRY--TOPICAL TERM
Topical term or geographic name entry element EGAN REFORMS
690 ## - LOCAL SUBJECT ADDED ENTRY--TOPICAL TERM (OCLC, RLIN)
Topical term or geographic name as entry element BUILT ENVIRONMENT
942 ## - ADDED ENTRY ELEMENTS (KOHA)
Suppress in OPAC 0
Holdings
Withdrawn status Lost status Source of classification or shelving scheme Damaged status Not for loan Home library Current library Shelving location Date acquired Total Checkouts Full call number Barcode Date last seen Copy number Price effective from Koha item type
    Dewey Decimal Classification     London London News article 14/03/2002   WB3810-05 117138-1001 06/08/2019 1 06/08/2019 News article